Quizzes
Events
Quiz Creation
Community
Videos
Private Events
Remove Ads
Sign In
Join for FREE
Feedback
Dark Mode
Quiz Categories
Sports
Geography
Music
Movies
Television
Just For Fun
Miscellaneous
History
Literature
Language
Science
Gaming
Entertainment
Religion
Holiday
For Kids
Quiz Lab
Recent
Popular Today
Quiz Kudos Today
Editor Picks
Curator Picks
Quizzes by...
Day
Popularity
Type
Ratings
Length
Year
Community
Subscriptions
Recent Discussions
Orange Saloon
Badges
Playlists
Quests
Create
Leaderboards
Showdown
Live 5
Trivia Bingo
Activity
Puzzle Library
Sporcle Events
Private Events
Virtual Trivia
Globe League
Become a Host
Pub Owners
SporcleCon
Opinionation
Our Games
Videos
Blog
Mobile Apps
Partnerships
Remove Ads and Go Orange
Feedback
Geography
Country
Landmarks
City
State
Population
World
Capital
Continent
Flags
Europe
Africa
Asia
South America
North America
Oceania
Border
Canada
United Kingdom
Topography
United States
Geography
Country
Landmarks
City
State
Population
World
Capital
Continent
Flags
Europe
Africa
Asia
South America
North America
Oceania
Border
Canada
United Kingdom
Topography
United States
Random Quiz
Search Sporcle
×
Quiz Lab
Quiz Lab
Geography
City
Type in answers that appear in a list
Type in answers that appear in a list
Classic
Best Score? Go Orange.
Name the Cities with the Largest Palace Stats
Can you name the Cities with the Largest Palace?
By
Jeroen020
10m
30 Questions
77 Plays
77 Plays
77 Plays
Comments
Comments
Give Quiz Kudos
Give Quiz Kudos
-
- Ratings
hide this ad
Replay
Link that replays current quiz
Next Quiz
Link to next quiz in quiz playlist
You Got
0%
They Got
Avg Score
61%
Avg Friend Score
Upgrade to see
Score Distribution
Jump to the score distribution portion of the page
Score
0/30
Timer
10:00
0
Plays Today
Palace
City
% Correct
Louvre
Paris
100%
Grand Kremlin Palace
Moscow
97.4%
Forbidden City
Beijing
94.8%
Buckingham Palace
London
93.5%
Hofburg
Vienna
90.9%
Topkapi
Istanbul
90.9%
Palacio Real
Madrid
89.6%
Château de Versailles
Versailles
88.3%
Quirinal Palace
Rome
87%
Christiansborg
Copenhagen
87%
Amalienborg
Copenhagen
87%
Winterpalace
St. Petersburg
85.7%
Kungliga slottet
Stockholm
83.1%
Pražský hrad
Prague
80.5%
Windsor Castle
Windsor
76.6%
Palace
City
% Correct
Palazzo Pitti
Florence
71.4%
Apostolic Palace
Vatican City
68.8%
Palace of Venaria
Turin
53.2%
Reggia di Caserta
Caserta
51.9%
Malbork Castle
Malbork
45.5%
Ak Saray
Ankara
44.2%
Palácio Nacional de Mafra
Mafra
40.3%
Monasterio de San Lorenzo de El Escorial
El Escorial
36.4%
Rashtrapati Bhavan
New Delhi
28.6%
Frederiksborg
Hillerod
20.8%
Grand Serail
Beirut
18.2%
Istana Nurul Iman
Bandar Seri Begawan
15.6%
Falaknuma Palace
Hyderabad
10.4%
Kronborg
Helsingor
10.4%
Palazzina di caccia di Stupinigi
Nichelino
6.5%
Quiz Playlist
Details
Report
Send in Message
Add To Playlist
Classic:
Type in answers that appear in a list
Last Updated: Feb 16, 2017
Quiz Scoreboard
CHALLENGE
Sign Up to Join the Scoreboard
Show All
Scores
Hide
Comments
May contain spoilers
Recently Published
9x9 Crossword: Cartoon Network
by jackfrog10
Miscellaneous
3m
College Basketball Coaching Resumes
by pancakes188
Sports
9m
Billboard Blitz: Fleetwood Mac
by CooCooCachoo
Music
15s
More to Explore
Quiz From the Vault
Featured Blog Post
Where Did the Easter Bunny Come From?
hide this ad
You Might Also Like...
Tags
City Quiz
largest
metre
palace
Square
Today's Top Quizzes in Geography
Browse Geography
hide this ad
Today's Top Quizzes in City
Browse City
Top Contributed Quizzes in Geography
1
Countries of the World - No Outlines Minefield
2
Top 25 Cities of France on a map
3
Any capital of a 'B' country per Continent
4
Any capital of a 'C' country per Continent
5
Closest Countries to UK A-Z
6
Any capital of a 'D' country per Continent
7
5-to-1: US Geography No Hints
8
Any capital of an 'E' country per Continent
9
Find the US States - No Outlines
10
Any capital of an 'F' country per Continent
Explore More
Trending Topics
Crossword
Kpop
Marvel
Harry Potter
Anime
NBA
Disney
The Office
WWE
Pokémon
Soccer
Country
NFL
Puzzle
Song
hide this ad
More By:
Jeroen020
Quiz
Plays
Rating
Category
Featured
Created
50 Most Dangerous Cities in the World
338
3.33
Geography
Jun 10, 2015
Top 10 Most Visited Amusement Parks in Europe
261
4.40
Geography
Jun 9, 2015
Top 10 Cities with the Largest Zoos
248
2.80
Geography
Jun 10, 2015
Cheapest Countries to go on Holiday (Europe)
181
4.00
Geography
Jun 12, 2015
Countries Containing Orange in their Flags
165
5.00
Geography
Jun 15, 2015
Go to Creator's Profile
Score Distribution
Quiz Creator Spotlight
Jeroen020
Follow
Send a Message
Quizzes Created
-
Created Quiz Play Count
-
More By This Creator
Popular Quizzes Today
1
Find the US States - No Outlines Minefield
2
Find the Countries of Europe - No Outlines Minefield
3
The Countries of the World
4
Find the US States
5
Risky Map Clicking: Biggest States A-Z
6
US States
7
Popular People in 1961
8
Movies - When Are They Set?
More Geography Quizzes
One Guess: Arctic North America
Curator's Pick
Trending Quizzes
Risky Map Clicking: Least Populous States A-Z
1-10 Letter G Words
1-10 Letter F Words
Risky Map Clicking: Next State Alphabetically
Adjectives in 80s TV Shows
Recently Updated
Leaping Animals
pecheneg
Reality TV Shows (A-Z)
bhenderson79
Rickey Henderson's Hall of Fame Teammates
pecheneg
Champions League XIs: Arsenal
pecheneg
Quick Pick: Celebrities in WWE's Hall of Fame
aduchscher
A-Z Keypad Blitz II
pecheneg
Multiple Oscar Actors
pecheneg
Mystery Phrase Blitz: Oscar 'Best Actors'
pecheneg
F. Scott Fitzgerald Novels
LTH
Pick 3 Villains
ddd62291
Trending Topics
Kpop
Disney
NBA
Anime
Harry Potter
Marvel
Crossword
NFL
WWE
Pokémon
Puzzle
The Office
Song
Soccer
Country
Your Account Isn't Verified!
In order to create a playlist on Sporcle, you need to verify the email address you used during registration. Go to your
Sporcle Settings
to finish the process.
Report this User
Report this user for behavior that violates our
Community Guidelines
.
Details:
Send Report
Go to the Sporcle.com Mobile Site →
Comments